000
00211 a2200097 4500
001
5421
100
_a
Starling,SG
245
_a
Mechanical properties of matter
260
_a
_b
Macmillan
_c
090
_c
4454
_d
4454
942
_a
NUST-CAE
_c
M
_c
30772
999
_c
240494
_d
240494